MDQL
is popping MORE tags! Check the
thread
!
Quizzes
Events
Quiz Creation
Community
Videos
Private Events
Remove Ads
Sign In
Join for FREE
Feedback
Dark Mode
Quiz Categories
Sports
Geography
Music
Movies
Television
Just For Fun
Miscellaneous
History
Literature
Language
Science
Gaming
Entertainment
Religion
Holiday
For Kids
Quiz Lab
Recent
Popular Today
Quiz Kudos Today
Editor Picks
Curator Picks
Quizzes by...
Day
Popularity
Type
Ratings
Length
Year
Community
Subscriptions
Recent Discussions
Orange Saloon
Badges
Playlists
Quests
Create
Leaderboards
Showdown
Live 5
Trivia Bingo
Activity
Puzzle Library
Sporcle Events
Private Events
Virtual Trivia
Globe League
Become a Host
Pub Owners
SporcleCon
Opinionation
Our Games
Videos
Blog
Mobile Apps
Partnerships
Remove Ads and Go Orange
Feedback
Language
Vocabulary
Begins and Ends
Definition
Spanish
French
German
Italian
Chinese
Latin
Translation
Japanese
Language
Vocabulary
Begins and Ends
Definition
Spanish
French
German
Italian
Chinese
Latin
Translation
Japanese
Random Quiz
Search Sporcle
×
Quiz Lab
Quiz Lab
Language
Italian
Type in answers that appear in a list
Type in answers that appear in a list
Classic
Best Score? Go Orange.
Italian passato remoto Stats
Can you name the Italian passato remoto in the 'I' form?
By
cattyack
10m
54 Questions
921 Plays
921 Plays
921 Plays
Comments
Comments
Give Quiz Kudos
Give Quiz Kudos
-
- Ratings
hide this ad
Forced Order
Answers have to be entered in order
Answers have to be entered in order
Random Order
Randomize order of answers
Randomize order of answers
Replay
Link that replays current quiz
Next Quiz
Link to next quiz in quiz playlist
You Got
0%
They Got
Avg Score
71%
Avg Friend Score
Upgrade to see
Score Distribution
Jump to the score distribution portion of the page
Score
0/54
Timer
10:00
0
Plays Today
infinitive
1st person singular
% Correct
chiedere
chiesi
81.2%
scrivere
scrissi
81.2%
perdere
persi
80%
dire
dissi
79.9%
prendere
presi
79.8%
chiudere
chiusi
79.6%
nascere
nacqui
79.2%
fare
feci
79%
decidere
decisi
78.7%
correre
corsi
77.9%
leggere
lessi
77.9%
rispondere
risposi
76.7%
ridere
risi
76.5%
bere
bevvi
75.8%
conoscere
conobbi
75.6%
rimanere
rimasi
75.4%
vivere
vissi
75.1%
dividere
divisi
75%
uccidere
uccisi
75%
vincere
vinsi
75%
scendere
scesi
74.9%
accendere
accesi
74.6%
venire
venni
74%
illudere
illusi
73.4%
sapere
seppi
72.7%
deludere
delusi
72.6%
piangere
piansi
72.6%
infinitive
1st person singular
% Correct
dipingere
dipinsi
72.5%
vedere
vidi
72.2%
offendere
offesi
72.1%
spendere
spesi
71.8%
stare
stetti
71.7%
mettere
misi
70.8%
scegliere
scelsi
70.8%
tradurre
tradussi
70.8%
volere
volli
69.8%
dare
diedi
69.3%
difendere
difesi
69.3%
produrre
produssi
69.2%
piacere
piacqui
68.8%
spegnere
spensi
68.1%
tenere
tenni
67.8%
discutere
discussi
67.5%
cogliere
colsi
67.2%
cadere
caddi
66.9%
togliere
tolsi
66.9%
nascondere
nascosi
66.3%
muovere
mossi
61.3%
riosolvere
risolsi
59.4%
tacere
tacqui
57.3%
rompere
ruppi
56.5%
dare
detti
55.7%
crescere
crebbi
54.8%
dirigere
diressi
40.5%
Quiz Playlist
Details
Report
Send in Message
Add To Playlist
Classic:
Type in answers that appear in a list
Forced Order:
Answers have to be entered in order
Random Order:
Randomize order of answers
Last Updated: Feb 16, 2017
Quiz Scoreboard
CHALLENGE
Sign Up to Join the Scoreboard
Show All
Scores
Hide
Comments
May contain spoilers
Recently Published
Find the 'City' Movie
by crazypaving
Movies
60s
5x2 Blitz: Bands
by SL_Kpop136
Music
30s
Colored Red Africa Blitz
by spor1
Geography
30s
More to Explore
Quiz From the Vault
Featured Blog Post
14 Easter Pick-up Lines to Find Eggs With
hide this ad
You Might Also Like...
Tags
Italian Quiz
form
Infinitive
passato
Person
Singular
Today's Top Quizzes in Language
Browse Language
hide this ad
Today's Top Quizzes in Italian
Browse Italian
Top Contributed Quizzes in Language
1
Arabic Numerals
2
1-10 Letter H Words III
3
1-10 Letter F Words III
4
1-10 Letter G Words III
5
1-10 Letter I Words III
6
1-10 Letter M Words III
7
1-10 Letter K Words III
8
1-10 Letter L Words III
9
1-10 Letter N Words III
10
1-10 Letter J Words III
Explore More
Trending Topics
Disney
Kpop
Crossword
Marvel
NBA
Anime
Harry Potter
WWE
The Office
NFL
Puzzle
Song
Country
Pokémon
Soccer
hide this ad
More By:
cattyack
Quiz
Plays
Rating
Category
Featured
Created
Italian passato remoto
921
4.50
Language
May 29, 2011
Italian congiuntivo presente
672
Language
May 29, 2011
Russian prepositions
113
5.00
Language
Jun 2, 2011
Czech Irregular Past tense
49
Miscellaneous
May 26, 2011
Russian plurals ending in -a
37
5.00
Language
Jun 2, 2011
Go to Creator's Profile
Score Distribution
Quiz Creator Spotlight
cattyack
Follow
Send a Message
Quizzes Created
-
Created Quiz Play Count
-
More By This Creator
Popular Quizzes Today
1
Colored Red Africa Blitz
2
Find the US States - No Outlines Minefield
3
Find the 'City' Movie
4
5x2 Blitz: Bands
5
The Countries of the World
6
Find the US States
7
US States
8
9x9 Crossword: Cartoon Network
More Language Quizzes
Mongolic Counting Puzzle
Editor's Pick
Trending Quizzes
Colored Red Europe Blitz I
Colored Red Europe Blitz II
Colored Red Africa Blitz II
Colored Red Europe Blitz III
Colored Red Africa Blitz III
Recently Updated
Godzilla Movies
pecheneg
Grab Bag: 4-10 Letters
pecheneg
2024 March Madness Bracket
pecheneg
Famous TV Couples
Peacemaker
Champions League XIs: Real Madrid
pecheneg
Largest US Cities 1790-2010
pecheneg
Rides in Walt Disney World
pecheneg
Most Oscar Losses (Acting)
pecheneg
Beyoncé Albums
pecheneg
Leaping Animals
pecheneg
Trending Topics
Disney
Kpop
Crossword
Anime
NBA
Marvel
Harry Potter
Pokémon
Song
WWE
Puzzle
Soccer
NFL
The Office
Country
Your Account Isn't Verified!
In order to create a playlist on Sporcle, you need to verify the email address you used during registration. Go to your
Sporcle Settings
to finish the process.
Report this User
Report this user for behavior that violates our
Community Guidelines
.
Details:
Send Report
Go to the Sporcle.com Mobile Site →
Comments